|
|
|
|
| LEADER |
00000nam a22000007a 4500 |
| 005 |
20210716221713.0 |
| 007 |
cr|||| |||| |
| 008 |
210716s2015 co |||||s|||| 00||0 spa d |
| 020 |
|
|
|a 978-958-762-278-2
|
| 035 |
|
|
|a 33397
|
| 040 |
|
|
|a vLex
|
| 090 |
|
|
|c 11858
|d 11858
|
| 100 |
1 |
|
|a Garca̕ Casermeiro, Ma. Još
|
| 245 |
1 |
0 |
|a Publicidad en el punto de venta
|h [Recurso electrn̤ico] /
|c Ma. Jos ̌Garca̕ Casermeiro
|
| 256 |
|
|
|a Servicio en ln̕ea
|
| 260 |
|
|
|a Bogot:̀
|b Ediciones de la U,
|c 2015
|
| 300 |
|
|
|a 1 recurso electrn̤ico
|
| 500 |
|
|
|a La situacin̤ comercial actual se caracteriza por el aumento de la oferta en el mercado y el incremento indiscutible de la competencia. Por este motivo las empresas ponen tanto ňfasis en diferenciarse de la competencia y en posicionarse en el mercado. Para lograr este objetivo contribuye enormemente la publicidad la forma ms̀ destacada y bastante asequible de hacerlo es la que se realiza en el propio punto de venta. Estas acciones tambiň se conocen como tčnicas de merchandising e incluyen actividades como: Organizar la publicidad y las promociones necesarias en el punto de venta para alcanzar los objetivos previstos. Coordinar las actuaciones de promocin̤ y publicidad en el establecimiento Comercial. Diseąr una campaą de publicidad en la sala de ventas, a partir de los props̤itos, los medios adecuados y necesarios, y el presupuesto disponible. Controlar las actuaciones de merchandising que se llevan a cabo en el establecimiento.
|
| 506 |
1 |
|
|a Disponible solo en los productos indicados
|d vLex Global
|d vLex Global (Academic Edition, excluding Law Schools)
|d vLex Global (U.S. Academic Edition, Law Schools)
|d vLex Global (U.S. Academic Edition, excluding Law Schools)
|d vLex Global (Academic Edition, Law Schools)
|
| 650 |
0 |
4 |
|a Marketing
|z Colombia
|
| 740 |
0 |
|
|a vLex Libros (Servicio en ln̕ea)
|
| 856 |
4 |
0 |
|u https://vlex.com/source/publicidad-en-el-punto-de-venta-33397
|z Acceso restringido
|
| 942 |
|
|
|c BOOK
|
| 999 |
0 |
|
|a Marketing
|